[Event "8th Arber Open"]
[Site "chess24.com"]
[Date "2019.07.30"]
[Round "4"]
[White "Hoffmann, Sebastian"]
[Black "Pfeifer, Wilfried"]
[Result "1/2-1/2"]
[Board "14"]
[WhiteElo "2199"]
[WhiteCountry "GER"]
[WhiteFideId "12954535"]
[WhiteEloChange "-7"]
[BlackElo "1916"]
[BlackCountry "GER"]
[BlackFideId "4643631"]
[BlackEloChange "7"]

1. e4 {[%clk 1:30:57]} c6 {[%clk 1:30:43]} 2. d4 {[%clk 1:31:11]} d5 {[%clk
1:31:06]} 3. exd5 {[%clk 1:31:34]} cxd5 {[%clk 1:31:30]} 4. Bf4 {[%clk 1:31:58]}
Nc6 {[%clk 1:29:23]} 5. c3 {[%clk 1:32:19]} Bf5 {[%clk 1:26:09]} 6. Nd2 {[%clk
1:31:53]} e6 {[%clk 1:25:11]} 7. Ngf3 {[%clk 1:32:15]} Bd6 {[%clk 1:18:51]} 8.
Bxd6 {[%clk 1:31:34]} Qxd6 {[%clk 1:19:19]} 9. Bb5 {[%clk 1:31:56]} a6 {[%clk
1:11:44]} 10. Bxc6+ {[%clk 1:32:16]} bxc6 {[%clk 1:12:01]} 11. Nb3 {[%clk
1:28:51]} Bg4 {[%clk 1:09:18]} 12. O-O {[%clk 1:27:22]} Nf6 {[%clk 1:09:24]} 13.
h3 {[%clk 1:26:18]} Bxf3 {[%clk 1:09:33]} 14. Qxf3 {[%clk 1:26:41]} Nd7 {[%clk
1:09:22]} 15. Qe3 {[%clk 1:23:55]} O-O {[%clk 1:05:51]} 16. Na5 {[%clk 1:21:33]}
c5 {[%clk 1:00:54]} 17. dxc5 {[%clk 1:21:33]} Qxc5 {[%clk 1:01:18]} 18. Qxc5
{[%clk 1:02:32]} Nxc5 {[%clk 1:01:18]} 19. c4 {[%clk 0:59:50]} dxc4 {[%clk
0:57:54]} 20. Nxc4 {[%clk 0:53:40]} Rfd8 {[%clk 0:54:07]} 21. Rfd1 {[%clk
0:53:03]} f6 {[%clk 0:47:15]} 22. Kf1 {[%clk 0:45:52]} Kf7 {[%clk 0:37:15]} 23.
Ke2 {[%clk 0:43:43]} Na4 {[%clk 0:30:57]} 24. Rxd8 {[%clk 0:39:58]} Rxd8 {[%clk
0:31:20]} 25. Rc1 {[%clk 0:39:56]} Rb8 {[%clk 0:24:12]} 26. b3 {[%clk 0:38:15]}
Nb6 {[%clk 0:22:18]} 27. Nxb6 {[%clk 0:37:53]} Rxb6 {[%clk 0:22:46]} 28. Rc7+
{[%clk 0:38:14]} Kg6 {[%clk 0:22:48]} 29. Kd3 {[%clk 0:38:08]} Rd6+ {[%clk
0:21:59]} 30. Kc3 {[%clk 0:33:51]} Rd1 {[%clk 0:17:47]} 31. Kb4 {[%clk 0:31:09]}
Rd2 {[%clk 0:17:57]} 32. a4 {[%clk 0:31:32]} Rxf2 {[%clk 0:18:16]} 33. Ka5 {[%clk
0:31:57]} Rxg2 {[%clk 0:14:18]} 34. Kxa6 {[%clk 0:31:35]} f5 {[%clk 0:14:03]} 35.
b4 {[%clk 0:28:46]} f4 {[%clk 0:14:17]} 36. b5 {[%clk 0:25:24]} e5 {[%clk
0:12:22]} 37. b6 {[%clk 0:22:31]} Rb2 {[%clk 0:07:27]} 38. b7 {[%clk 0:17:53]}
Rxb7 {[%clk 0:07:54]} 39. Kxb7 {[%clk 0:18:04]} f3 {[%clk 0:08:14]} 40. Rc1
{[%clk 0:17:35]} e4 {[%clk 0:08:11]} 41. Rf1 {[%clk 0:17:49]} Kf5 {[%clk
0:06:10]} 42. a5 {[%clk 0:03:14]} Kf4 {[%clk 0:06:37]} 43. a6 {[%clk 0:02:31]} e3
{[%clk 0:07:04]} 44. a7 {[%clk 0:29:26]} e2 {[%clk 0:38:02]} 45. Ra1 {[%clk
0:14:39]} f2 {[%clk 0:38:14]} 46. a8Q {[%clk 0:14:50]} e1Q {[%clk 0:37:57]} 47.
Qf8+ {[%clk 0:09:00]} Kg3 {[%clk 0:32:58]} 48. Ra3+ {[%clk 0:02:41]} Kh2 {[%clk
0:33:25]} 49. Qf4+ {[%clk 0:03:10]} Kh1 {[%clk 0:33:33]} 50. Qf3+ {[%clk
0:02:56]} Kh2 {[%clk 0:33:57]} 51. Qf4+ {[%clk 0:02:48]} Kh1 {[%clk 0:34:24]} 52.
Rf3 {[%clk 0:01:03]} Qb1+ {[%clk 0:33:47]} 53. Kc7 {[%clk 0:01:20]} Qc2+ {[%clk
0:33:22]} 54. Kd6 {[%clk 0:01:35]} Kg1 {[%clk 0:27:29]} 55. Qg3+ {[%clk 0:00:52]}
Kf1 {[%clk 0:27:54]} 56. Qf4 {[%clk 0:00:45]} g5 {[%clk 0:27:25]} 57. Qf8 {[%clk
0:00:36]} Kg1 {[%clk 0:25:57]} 58. Rg3+ {[%clk 0:00:39]} Kh2 {[%clk 0:24:50]} 59.
Qf3 {[%clk 0:00:33]} f1Q {[%clk 0:25:16]} 60. Qxf1 {[%clk 0:00:39]} Kxg3 {[%clk
0:25:10]} 61. Qg1+ {[%clk 0:00:43]} Qg2 {[%clk 0:24:28]} 62. Qe3+ {[%clk
0:01:12]} Kh2 {[%clk 0:24:13]} 63. Ke7 {[%clk 0:00:49]} h6 {[%clk 0:23:08]} 64.
Qe5+ {[%clk 0:00:33]} Kxh3 {[%clk 0:23:08]} 65. Qe6+ {[%clk 0:00:33]} Kg3 {[%clk
0:22:38]} 66. Qxh6 {[%clk 0:01:29]} Qe4+ {[%clk 0:22:45]} 67. Kd7 {[%clk
0:00:41]} Qd4+ {[%clk 0:22:16]} 68. Ke7 {[%clk 0:00:35]} g4 {[%clk 0:22:38]} 69.
Qh1 {[%clk 0:00:37]} Qe3+ {[%clk 0:22:02]} 70. Kd6 {[%clk 0:01:06]} Qf3 {[%clk
0:22:09]} 71. Qg1+ {[%clk 0:01:26]} Kh3 {[%clk 0:22:23]} 72. Qd4 {[%clk 0:01:04]}
g3 {[%clk 0:22:09]} 73. Qh8+ {[%clk 0:01:14]} Kg2 {[%clk 0:22:30]} 74. Qb2+
{[%clk 0:01:25]} Kg1 {[%clk 0:22:31]} 75. Qa1+ {[%clk 0:00:33]} Qf1 {[%clk
0:22:39]} 76. Qd4+ {[%clk 0:00:53]} Qf2 {[%clk 0:22:59]} 77. Qa1+ {[%clk
0:01:16]} Kg2 {[%clk 0:20:19]} 78. Qa8+ {[%clk 0:01:44]} Qf3 {[%clk 0:18:59]} 79.
Qa2+ {[%clk 0:02:11]} Kh3 {[%clk 0:18:33]} 80. Qe6+ {[%clk 0:02:02]} Qg4 {[%clk
0:18:17]} 81. Qh6+ {[%clk 0:01:47]} Qh4 {[%clk 0:18:25]} 82. Qe6+ {[%clk
0:01:57]} Kh2 {[%clk 0:18:40]} 83. Qe5 {[%clk 0:02:13]} Qd8+ {[%clk 0:17:03]} 84.
Kc6 {[%clk 0:02:25]} Qd3 {[%clk 0:16:56]} 85. Qb2+ {[%clk 0:01:04]} g2 {[%clk
0:17:10]} 86. Qh8+ {[%clk 0:00:32]} Kg3 {[%clk 0:15:23]} 87. Qg7+ {[%clk
0:00:33]} Kf2 {[%clk 0:15:43]} 88. Qb2+ {[%clk 0:00:37]} Qe2 {[%clk 0:16:02]} 89.
Qd4+ {[%clk 0:00:59]} Qe3 {[%clk 0:15:43]} 90. Qb2+ {[%clk 0:00:38]} Qe2 {[%clk
0:14:11]} 91. Qd4+ {[%clk 0:00:58]} Kg3 {[%clk 0:10:52]} 92. Qd6+ {[%clk
0:01:28]} Kf3 {[%clk 0:09:36]} 93. Qf6+ {[%clk 0:01:38]} Ke3 {[%clk 0:09:35]} 94.
Qe5+ {[%clk 0:01:03]} Kd3 {[%clk 0:08:53]} 95. Qb5+ {[%clk 0:00:55]} Kd2 {[%clk
0:09:08]} 96. Qb2+ {[%clk 0:00:48]} Ke1 {[%clk 0:08:09]} 97. Qa1+ {[%clk
0:00:45]} Kf2 {[%clk 0:06:44]} 98. Kd5 {[%clk 0:00:45]} 1/2-1/2

[Event "8th Arber Open"]
[Site "chess24.com"]
[Date "2019.07.30"]
[Round "4"]
[White "Navarro Gevers, Daniel"]
[Black "Beulertz, Stefan"]
[Result "0-1"]
[Board "27"]
[WhiteElo "1813"]
[WhiteTeam "MTV Ingolstadt"]
[WhiteCountry "GER"]
[WhiteFideId "16253752"]
[WhiteEloChange "-4"]
[BlackElo "2033"]
[BlackTeam "SG Werl-Wickede"]
[BlackCountry "MLT"]
[BlackFideId "5600740"]
[BlackEloChange "4"]

1. d4 {[%clk 1:30:30]} e6 {[%clk 1:30:30]} 2. e3 {[%clk 1:30:30]} b6 {[%clk
1:30:30]} 3. f4 {[%clk 1:30:30]} Bb7 {[%clk 1:30:30]} 4. Nf3 {[%clk 1:30:30]} f5
{[%clk 1:30:30]} 5. Bd3 {[%clk 1:30:30]} Nf6 {[%clk 1:30:30]} 6. c4 {[%clk
1:30:30]} g6 {[%clk 1:30:30]} 7. b3 {[%clk 1:30:30]} Bg7 {[%clk 1:30:30]} 8. Ba3
{[%clk 1:30:30]} d6 {[%clk 1:30:30]} 9. Nbd2 {[%clk 1:30:30]} O-O {[%clk
1:30:30]} 10. O-O {[%clk 1:30:30]} Nbd7 {[%clk 1:30:30]} 11. Qc2 {[%clk 1:30:30]}
Ng4 {[%clk 1:30:30]} 12. Rfe1 {[%clk 1:30:30]} c5 {[%clk 1:30:30]} 13. Rad1
{[%clk 1:30:30]} e5 {[%clk 1:30:30]} 14. dxe5 {[%clk 1:30:30]} dxe5 {[%clk
1:30:30]} 15. Ng5 {[%clk 1:30:30]} Qe7 {[%clk 1:30:30]} 16. h3 {[%clk 1:30:30]}
e4 {[%clk 1:30:30]} 17. Bxe4 {[%clk 1:30:30]} fxe4 {[%clk 1:30:30]} 18. hxg4
{[%clk 1:30:30]} Nf6 {[%clk 1:30:30]} 19. f5 {[%clk 1:30:30]} Nxg4 {[%clk
1:30:30]} 20. Ne6 {[%clk 1:30:30]} Qh4 {[%clk 1:30:30]} 21. Nf1 {[%clk 1:30:30]}
Be5 {[%clk 1:30:30]} 22. g3 {[%clk 1:30:30]} Bxg3 {[%clk 1:30:30]} 23. Nxg3
{[%clk 1:30:30]} Qxg3+ {[%clk 1:30:30]} 24. Qg2 {[%clk 1:30:30]} Qxg2+ {[%clk
1:30:30]} 25. Kxg2 {[%clk 1:30:30]} Rxf5 {[%clk 1:30:30]} 26. Rd7 {[%clk
1:30:30]} Rf7 {[%clk 1:30:30]} 27. Rd2 {[%clk 1:30:30]} h5 {[%clk 1:30:30]} 28.
Bb2 {[%clk 1:30:30]} Re8 {[%clk 1:30:30]} 29. Nf4 {[%clk 1:30:30]} Nxe3+ {[%clk
1:30:30]} 30. Rxe3 {[%clk 1:30:30]} Rxf4 {[%clk 1:30:30]} 31. Kh3 {[%clk
1:30:30]} Ref8 {[%clk 1:30:30]} 32. Rd6 {[%clk 1:30:30]} Bc8+ {[%clk 1:30:30]}
33. Kg3 {[%clk 1:30:30]} Rg4+ {[%clk 1:30:30]} 34. Kh2 {[%clk 1:30:30]} Rf2+
{[%clk 1:30:30]} 35. Kh1 {[%clk 1:30:30]} Bf5 {[%clk 1:30:30]} 36. Bc3 {[%clk
1:30:30]} Rxa2 {[%clk 1:30:30]} 37. Re1 {[%clk 1:30:30]} e3 {[%clk 1:30:30]} 38.
Rd8+ {[%clk 1:30:30]} Kf7 {[%clk 1:30:30]} 39. Rf1 {[%clk 1:30:30]} Ke7 {[%clk
1:30:30]} 0-1

[Event "8th Arber Open"]
[Site "chess24.com"]
[Date "2019.07.30"]
[Round "4"]
[White "Medunova, Vera"]
[Black "Krauss, Andreas"]
[Result "1-0"]
[Board "28"]
[WhiteElo "2093"]
[WhiteTeam "SK Rothenburg"]
[WhiteTitle "WIM"]
[WhiteCountry "CZE"]
[WhiteFideId "315141"]
[WhiteEloChange "7"]
[BlackElo "1996"]
[BlackTeam "SV Deggendorf"]
[BlackCountry "GER"]
[BlackFideId "1270361"]
[BlackEloChange "-7"]

1. e4 {[%clk 1:30:30]} d5 {[%clk 1:30:30]} 2. exd5 {[%clk 1:30:30]} Qxd5 {[%clk
1:30:30]} 3. Nc3 {[%clk 1:30:30]} Qd6 {[%clk 1:30:30]} 4. d4 {[%clk 1:30:30]} Nf6
{[%clk 1:30:30]} 5. Nf3 {[%clk 1:30:30]} a6 {[%clk 1:30:30]} 6. Be2 {[%clk
1:30:30]} Bf5 {[%clk 1:30:30]} 7. Ne5 {[%clk 1:30:30]} Nc6 {[%clk 1:30:30]} 8.
Nxc6 {[%clk 1:30:30]} Qxc6 {[%clk 1:30:30]} 9. Bf3 {[%clk 1:30:30]} Qb6 {[%clk
1:30:30]} 10. O-O {[%clk 1:30:30]} e6 {[%clk 1:30:30]} 11. Na4 {[%clk 1:30:30]}
Qa7 {[%clk 1:30:30]} 12. c4 {[%clk 1:30:30]} Rd8 {[%clk 1:30:30]} 13. Qe2 {[%clk
1:30:30]} c6 {[%clk 1:30:30]} 14. Be3 {[%clk 1:30:30]} Qb8 {[%clk 1:30:30]} 15.
Rfd1 {[%clk 1:30:30]} Bd6 {[%clk 1:30:30]} 16. g3 {[%clk 1:30:30]} O-O {[%clk
1:30:30]} 17. c5 {[%clk 1:30:30]} Bc7 {[%clk 1:30:30]} 18. Bg5 {[%clk 1:30:30]}
Rd7 {[%clk 1:30:30]} 19. Nc3 {[%clk 1:30:30]} Bd8 {[%clk 1:30:30]} 20. h4 {[%clk
1:30:30]} h6 {[%clk 1:30:30]} 21. Be3 {[%clk 1:30:30]} Bc7 {[%clk 1:30:30]} 22.
Kg2 {[%clk 1:30:30]} Rfd8 {[%clk 1:30:30]} 23. g4 {[%clk 1:30:30]} Bh7 {[%clk
1:30:30]} 24. g5 {[%clk 1:30:30]} hxg5 {[%clk 1:30:30]} 25. hxg5 {[%clk 1:30:30]}
Nd5 {[%clk 1:30:30]} 26. Nxd5 {[%clk 1:30:30]} exd5 {[%clk 1:30:30]} 27. Rh1
{[%clk 1:30:30]} Re8 {[%clk 1:30:30]} 28. Rh4 {[%clk 1:30:30]} Be4 {[%clk
1:30:30]} 29. Rah1 {[%clk 1:30:30]} Bxf3+ {[%clk 1:30:30]} 30. Qxf3 {[%clk
1:30:30]} Kf8 {[%clk 1:30:30]} 31. Qf6 {[%clk 1:30:30]} 1-0

[Event "8th Arber Open"]
[Site "chess24.com"]
[Date "2019.07.30"]
[Round "4"]
[White "Schmitz, Tim"]
[Black "Jergler, Karl-Heinz"]
[Result "1/2-1/2"]
[Board "29"]
[WhiteElo "1870"]
[WhiteTeam "SC Sendling"]
[WhiteCountry "GER"]
[WhiteFideId "1270221"]
[WhiteEloChange "6"]
[BlackElo "2094"]
[BlackTeam "SC Rottal-Inn"]
[BlackCountry "GER"]
[BlackFideId "4644735"]
[BlackEloChange "-6"]

1. e4 {[%clk 1:30:30]} c5 {[%clk 1:30:30]} 2. Nf3 {[%clk 1:30:30]} Nc6 {[%clk
1:30:30]} 3. d4 {[%clk 1:30:30]} cxd4 {[%clk 1:30:30]} 4. Nxd4 {[%clk 1:30:30]}
g6 {[%clk 1:30:30]} 5. Nc3 {[%clk 1:30:30]} Bg7 {[%clk 1:30:30]} 6. Be3 {[%clk
1:30:30]} Nf6 {[%clk 1:30:30]} 7. Bc4 {[%clk 1:30:30]} Qa5 {[%clk 1:30:30]} 8.
O-O {[%clk 1:30:30]} O-O {[%clk 1:30:30]} 9. Bb3 {[%clk 1:30:30]} d6 {[%clk
1:30:30]} 10. h3 {[%clk 1:30:30]} Bd7 {[%clk 1:30:30]} 11. Re1 {[%clk 1:30:30]}
Rac8 {[%clk 1:30:30]} 12. f4 {[%clk 1:30:30]} Rfe8 {[%clk 1:30:30]} 13. Nf3
{[%clk 1:30:30]} Qc7 {[%clk 1:30:30]} 14. Ng5 {[%clk 1:30:30]} Rf8 {[%clk
1:30:30]} 15. Qd3 {[%clk 1:30:30]} Be8 {[%clk 1:30:30]} 16. Rad1 {[%clk 1:30:30]}
Na5 {[%clk 1:30:30]} 17. Bd5 {[%clk 1:30:30]} a6 {[%clk 1:30:30]} 18. Bd4 {[%clk
1:30:30]} Nc4 {[%clk 1:30:30]} 19. Bxc4 {[%clk 1:30:30]} Qxc4 {[%clk 1:30:30]}
20. e5 {[%clk 1:30:30]} Qxd3 {[%clk 1:30:30]} 21. Rxd3 {[%clk 1:30:30]} dxe5
{[%clk 1:30:30]} 22. fxe5 {[%clk 1:30:30]} Nh5 {[%clk 1:30:30]} 23. e6 {[%clk
1:30:30]} Bxd4+ {[%clk 1:30:30]} 24. Rxd4 {[%clk 1:30:30]} f6 {[%clk 1:30:30]}
25. Nd5 {[%clk 1:30:30]} Rxc2 {[%clk 1:30:30]} 26. Nxe7+ {[%clk 1:30:30]} Kg7
{[%clk 1:30:30]} 27. Nf3 {[%clk 1:30:30]} Ng3 {[%clk 1:30:30]} 28. Rd2 {[%clk
1:30:30]} Rxd2 {[%clk 1:30:30]} 29. Nxd2 {[%clk 1:30:30]} Bc6 {[%clk 1:30:30]}
30. Nxc6 {[%clk 1:30:30]} bxc6 {[%clk 1:30:30]} 31. Kf2 {[%clk 1:30:30]} Nf5
{[%clk 1:30:30]} 32. g4 {[%clk 1:30:30]} Ne7 {[%clk 1:30:30]} 33. Ke2 {[%clk
1:30:30]} Rd8 {[%clk 1:30:30]} 34. Nc4 {[%clk 1:30:30]} Kf8 {[%clk 1:30:30]} 35.
Ne3 {[%clk 1:30:30]} Rd6 {[%clk 1:30:30]} 36. Rd1 {[%clk 1:30:30]} Rxe6 {[%clk
1:30:30]} 37. Kf3 {[%clk 1:30:30]} Ke8 {[%clk 1:30:30]} 38. Rd3 {[%clk 1:30:30]}
Re5 {[%clk 1:30:30]} 1/2-1/2

[Event "8th Arber Open"]
[Site "chess24.com"]
[Date "2019.07.30"]
[Round "4"]
[White "Neiss, Josef Martin"]
[Black "Desoye, Gernot"]
[Result "1-0"]
[Board "30"]
[WhiteElo "2041"]
[WhiteTeam "SK Mering"]
[WhiteCountry "GER"]
[WhiteFideId "4643623"]
[WhiteEloChange "4"]
[BlackElo "1777"]
[BlackTeam "Oesterreich"]
[BlackCountry "AUT"]
[BlackFideId "1621793"]
[BlackEloChange "-4"]

1. Nf3 {[%clk 1:30:30]} c5 {[%clk 1:30:30]} 2. c4 {[%clk 1:30:30]} Nc6 {[%clk
1:30:30]} 3. Nc3 {[%clk 1:30:30]} Nf6 {[%clk 1:30:30]} 4. g3 {[%clk 1:30:30]} g6
{[%clk 1:30:30]} 5. Bg2 {[%clk 1:30:30]} Bg7 {[%clk 1:30:30]} 6. O-O {[%clk
1:30:30]} O-O {[%clk 1:30:30]} 7. b3 {[%clk 1:30:30]} b6 {[%clk 1:30:30]} 8. d4
{[%clk 1:30:30]} cxd4 {[%clk 1:30:30]} 9. Nxd4 {[%clk 1:30:30]} Bb7 {[%clk
1:30:30]} 10. Bb2 {[%clk 1:30:30]} Rb8 {[%clk 1:30:30]} 11. Rc1 {[%clk 1:30:30]}
Nxd4 {[%clk 1:30:30]} 12. Qxd4 {[%clk 1:30:30]} Bxg2 {[%clk 1:30:30]} 13. Kxg2
{[%clk 1:30:30]} d6 {[%clk 1:30:30]} 14. Rfd1 {[%clk 1:30:30]} Rb7 {[%clk
1:30:30]} 15. Nd5 {[%clk 1:30:30]} Ne8 {[%clk 1:30:30]} 16. Qd2 {[%clk 1:30:30]}
Bxb2 {[%clk 1:30:30]} 17. Qxb2 {[%clk 1:30:30]} Nc7 {[%clk 1:30:30]} 18. Nf4
{[%clk 1:30:30]} Qc8 {[%clk 1:30:30]} 19. h4 {[%clk 1:30:30]} Ne6 {[%clk
1:30:30]} 20. Nd5 {[%clk 1:30:30]} h5 {[%clk 1:30:30]} 21. Rd3 {[%clk 1:30:30]}
Rd8 {[%clk 1:30:30]} 22. Rf3 {[%clk 1:30:30]} Rf8 {[%clk 1:30:30]} 23. Qd2 {[%clk
1:30:30]} Kg7 {[%clk 1:30:30]} 24. a4 {[%clk 1:30:30]} Qc5 {[%clk 1:30:30]} 25.
Re3 {[%clk 1:30:30]} Qc8 {[%clk 1:30:30]} 26. a5 {[%clk 1:30:30]} Re8 {[%clk
1:30:30]} 27. axb6 {[%clk 1:30:30]} axb6 {[%clk 1:30:30]} 28. Rcc3 {[%clk
1:30:30]} Qb8 {[%clk 1:30:30]} 29. Qd3 {[%clk 1:30:30]} b5 {[%clk 1:30:30]} 30.
Rxe6 {[%clk 1:30:30]} fxe6 {[%clk 1:30:30]} 31. Nf4 {[%clk 1:30:30]} Rf8 {[%clk
1:30:30]} 32. Qxg6+ {[%clk 1:30:30]} 1-0

[Event "8th Arber Open"]
[Site "chess24.com"]
[Date "2019.07.30"]
[Round "4"]
[White "Uneken, Bert"]
[Black "Glaser, Max"]
[Result "0-1"]
[Board "31"]
[WhiteElo "1860"]
[WhiteTeam "HOLLAND"]
[WhiteCountry "NED"]
[WhiteFideId "1031260"]
[WhiteEloChange "-7"]
[BlackElo "1949"]
[BlackTeam "SC Furth Waldmuenchen"]
[BlackCountry "GER"]
[BlackFideId "16210271"]
[BlackEloChange "7"]

1. d4 {[%clk 1:30:30]} Nf6 {[%clk 1:30:30]} 2. Bf4 {[%clk 1:30:30]} d5 {[%clk
1:30:30]} 3. e3 {[%clk 1:30:30]} Nbd7 {[%clk 1:30:30]} 4. Nf3 {[%clk 1:30:30]} e6
{[%clk 1:30:30]} 5. Bd3 {[%clk 1:30:30]} c5 {[%clk 1:30:30]} 6. c3 {[%clk
1:30:30]} Be7 {[%clk 1:30:30]} 7. Nbd2 {[%clk 1:30:30]} O-O {[%clk 1:30:30]} 8.
O-O {[%clk 1:30:30]} a6 {[%clk 1:30:30]} 9. Rc1 {[%clk 1:30:30]} b5 {[%clk
1:30:30]} 10. h3 {[%clk 1:30:30]} Bb7 {[%clk 1:30:30]} 11. a3 {[%clk 1:30:30]}
Rc8 {[%clk 1:30:30]} 12. Ne5 {[%clk 1:30:30]} Nxe5 {[%clk 1:30:30]} 13. Bxe5
{[%clk 1:30:30]} Nd7 {[%clk 1:30:30]} 14. f4 {[%clk 1:30:30]} f5 {[%clk 1:30:30]}
15. Nf3 {[%clk 1:30:30]} Nxe5 {[%clk 1:30:30]} 16. Nxe5 {[%clk 1:30:30]} Bf6
{[%clk 1:30:30]} 17. g4 {[%clk 1:30:30]} Bxe5 {[%clk 1:30:30]} 18. fxe5 {[%clk
1:30:30]} Qg5 {[%clk 1:30:30]} 19. Rf4 {[%clk 1:30:30]} h5 {[%clk 1:30:30]} 20.
Qf3 {[%clk 1:30:30]} cxd4 {[%clk 1:30:30]} 21. h4 {[%clk 1:30:30]} hxg4 {[%clk
1:30:30]} 22. Qg3 {[%clk 1:30:30]} Qe7 {[%clk 1:30:30]} 23. exd4 {[%clk 1:30:30]}
g6 {[%clk 1:30:30]} 24. Kg2 {[%clk 1:30:30]} Kg7 {[%clk 1:30:30]} 25. h5 {[%clk
1:30:30]} Qg5 {[%clk 1:30:30]} 26. hxg6 {[%clk 1:30:30]} Rh8 {[%clk 1:30:30]} 27.
Rh1 {[%clk 1:30:30]} Rxh1 {[%clk 1:30:30]} 28. Kxh1 {[%clk 1:30:30]} Rh8+ {[%clk
1:30:30]} 29. Kg2 {[%clk 1:30:30]} Rh3 {[%clk 1:30:30]} 30. Qf2 {[%clk 1:30:30]}
Rxd3 {[%clk 1:30:30]} 0-1

[Event "8th Arber Open"]
[Site "chess24.com"]
[Date "2019.07.30"]
[Round "4"]
[White "Kasueschke, Lars"]
[Black "Simacek, Vaclav"]
[Result "0-1"]
[Board "32"]
[WhiteElo "1934"]
[WhiteTeam "SG Schwaebisch Gmuend"]
[WhiteCountry "GER"]
[WhiteFideId "12939510"]
[WhiteEloChange "-13"]
[BlackElo "1809"]
[BlackTeam "SC Bayerwald"]
[BlackCountry "CZE"]
[BlackFideId "338338"]
[BlackEloChange "13"]

1. c4 {[%clk 1:30:30]} e5 {[%clk 1:30:30]} 2. g3 {[%clk 1:30:30]} d5 {[%clk
1:30:30]} 3. cxd5 {[%clk 1:30:30]} Qxd5 {[%clk 1:30:30]} 4. Nf3 {[%clk 1:30:30]}
Bb4 {[%clk 1:30:30]} 5. a3 {[%clk 1:30:30]} e4 {[%clk 1:30:30]} 6. Nh4 {[%clk
1:30:30]} Be7 {[%clk 1:30:30]} 7. Nc3 {[%clk 1:30:30]} Qc6 {[%clk 1:30:30]} 8. e3
{[%clk 1:30:30]} a6 {[%clk 1:30:30]} 9. Qh5 {[%clk 1:30:30]} Nf6 {[%clk 1:30:30]}
10. Qg5 {[%clk 1:30:30]} h6 {[%clk 1:30:30]} 11. Qe5 {[%clk 1:30:30]} Nbd7 {[%clk
1:30:30]} 12. Qf4 {[%clk 1:30:30]} O-O {[%clk 1:30:30]} 13. b4 {[%clk 1:30:30]}
Bd6 {[%clk 1:30:30]} 14. Nf5 {[%clk 1:30:30]} Ne5 {[%clk 1:30:30]} 15. Qxe5
{[%clk 1:30:30]} Re8 {[%clk 1:30:30]} 16. Nxh6+ {[%clk 1:30:30]} Kh7 {[%clk
1:30:30]} 17. Qd4 {[%clk 1:30:30]} Kxh6 {[%clk 1:30:30]} 18. Bb2 {[%clk 1:30:30]}
Bg4 {[%clk 1:30:30]} 19. f4 {[%clk 1:30:30]} exf3 {[%clk 1:30:30]} 20. Kf2 {[%clk
1:30:30]} Rad8 {[%clk 1:30:30]} 21. Qc4 {[%clk 1:30:30]} Qxc4 {[%clk 1:30:30]}
22. Bxc4 {[%clk 1:30:30]} Bxb4 {[%clk 1:30:30]} 23. d3 {[%clk 1:30:30]} Bc5
{[%clk 1:30:30]} 24. Rae1 {[%clk 1:30:30]} b5 {[%clk 1:30:30]} 25. h3 {[%clk
1:30:30]} Bh5 {[%clk 1:30:30]} 26. g4 {[%clk 1:30:30]} bxc4 {[%clk 1:30:30]} 27.
Na4 {[%clk 1:30:30]} Be7 {[%clk 1:30:30]} 28. gxh5 {[%clk 1:30:30]} Nxh5 {[%clk
1:30:30]} 29. Kxf3 {[%clk 1:30:30]} cxd3 {[%clk 1:30:30]} 30. e4 {[%clk 1:30:30]}
d2 {[%clk 1:30:30]} 31. Rd1 {[%clk 1:30:30]} Rd3+ {[%clk 1:30:30]} 32. Kf2 {[%clk
1:30:30]} Bh4+ {[%clk 1:30:30]} 33. Kg2 {[%clk 1:30:30]} Rxe4 {[%clk 1:30:30]}
0-1

[Event "8th Arber Open"]
[Site "chess24.com"]
[Date "2019.07.30"]
[Round "4"]
[White "Strangmueller, Andreas"]
[Black "Merkl, Michael"]
[Result "1/2-1/2"]
[Board "33"]
[WhiteElo "1968"]
[WhiteTeam "SK Landshut"]
[WhiteCountry "GER"]
[WhiteFideId "1270212"]
[WhiteEloChange "-8"]
[BlackElo "1548"]
[BlackTeam "TSV Koesching"]
[BlackCountry "GER"]
[BlackFideId "16245873"]
[BlackEloChange "8"]

1. d4 {[%clk 1:30:30]} Nf6 {[%clk 1:30:30]} 2. c4 {[%clk 1:30:30]} g6 {[%clk
1:30:30]} 3. Nc3 {[%clk 1:30:30]} Bg7 {[%clk 1:30:30]} 4. e4 {[%clk 1:30:30]} d6
{[%clk 1:30:30]} 5. Be2 {[%clk 1:30:30]} O-O {[%clk 1:30:30]} 6. Bg5 {[%clk
1:30:30]} Na6 {[%clk 1:30:30]} 7. Qd2 {[%clk 1:30:30]} e5 {[%clk 1:30:30]} 8. d5
{[%clk 1:30:30]} Qe8 {[%clk 1:30:30]} 9. h4 {[%clk 1:30:30]} Nc5 {[%clk 1:30:30]}
10. f3 {[%clk 1:30:30]} a5 {[%clk 1:30:30]} 11. g4 {[%clk 1:30:30]} h5 {[%clk
1:30:30]} 12. O-O-O {[%clk 1:30:30]} Bd7 {[%clk 1:30:30]} 13. Kb1 {[%clk
1:30:30]} hxg4 {[%clk 1:30:30]} 14. h5 {[%clk 1:30:30]} Nxh5 {[%clk 1:30:30]} 15.
fxg4 {[%clk 1:30:30]} Nf4 {[%clk 1:30:30]} 16. Bf3 {[%clk 1:30:30]} f6 {[%clk
1:30:30]} 17. Bxf4 {[%clk 1:30:30]} exf4 {[%clk 1:30:30]} 18. Qxf4 {[%clk
1:30:30]} Qe5 {[%clk 1:30:30]} 19. Qd2 {[%clk 1:30:30]} Kf7 {[%clk 1:30:30]}
1/2-1/2